MLB: Did They Play for the Expos? Quiz Stats

 Plays Quiz Updated Oct 24, 2019

Support Sporcle.
Go Orange.
Score 0/60 Timer 03:00
3 Plays Today
Was he an Expo? yes (y), no (n) % Correct
Rickey Henderson???
82.8%
Randy Johnson???
77.9%
Magglio Ordonez???
75.9%
Catfish Hunter???
74.7%
Moises Alou???
74.6%
Dwight Gooden???
72%
Pascual Perez???
71.2%
Deion Sanders???
69.6%
Orlando Cabrera???
69.4%
Fernando Tatis???
69.2%
Otis Nixon???
68%
Rollie Fingers???
67.6%
Cecil Fielder???
67.3%
Felipe Alou???
66.7%
Geoff Jenkins ???
66.4%
Fred Lynn???
66.3%
Bartolo Colon???
65.1%
Bobby Higginson ???
62.9%
Pete Rose???
61.9%
Terry Francona???
61.5%
Mark Langston???
61.4%
Carl Pavano???
61.2%
Dean Palmer???
61%
Tony Perez???
60.7%
Bill Madlock???
59.8%
Willie Horton???
59.3%
Matt Stairs???
59.2%
Juan Marichal???
58.4%
Milton Bradley???
58.2%
Hideo Nomo???
57.8%
Was he an Expo? yes (y), no (n) % Correct
Lee Smith???
57.1%
Kirk Rueter???
56.5%
Ron LeFlore???
56.3%
Matt Nokes???
55.6%
Dan Driessen???
55.1%
Dave Cash???
54.6%
Eric Gagne???
54.6%
Rob Dibble???
54.3%
Willie Montanez???
53.5%
Matty Alou???
53.1%
Sid Fernandez???
52.5%
Melido Perez???
51.8%
Rick Cerone???
51.6%
Luis Polonia???
51.4%
John Candelaria???
50.9%
Cesar Geronimo???
50%
Charlie Hayes???
49.5%
Dave McNally???
49.5%
Brett Tomko???
48.6%
Benito Santiago???
48.1%
Lee Mazzilli???
46.5%
Ron Darling???
45.1%
Mudcat Grant???
43.3%
Rick Monday???
42%
Maury Wills???
39.8%
Todd Walker???
39.2%
Pedro Guerrero???
38.3%
Graig Nettles???
37.5%
Tim McCarver???
37.2%
Jim Northrup???
35.5%

You're not logged in!

Compare scores with friends on all Sporcle quizzes.
OR
Log In

From the Vault

4-Letter Sports Teams

by baseball4825

Not all four letter words are offensive.
Remove Ads.
Support Sporcle.
Get the best of Sporcle when you Go Orange. This ad-free experience offers more features, more stats, and more fun while also helping to support Sporcle. Thank you for becoming a member.

Show Comments

Extras

Top Quizzes Today


Score Distribution

Your Account Isn't Verified!

In order to create a playlist on Sporcle, you need to verify the email address you used during registration. Go to your Sporcle Settings to finish the process.

Report this User

Report this user for behavior that violates our Community Guidelines.

Details: